| 000 | 00819nam a22002057a 4500 | ||
|---|---|---|---|
| 999 |
_c61984 _d61984 |
||
| 003 | Ge_BSU | ||
| 005 | 20240619101339.0 | ||
| 008 | 240619s1954 ge ||||| |||| 00| 0 geo d | ||
| 041 | _ageo | ||
| 080 | _a615.838(479.224) გ-63 | ||
| 100 |
_aგოკიელი, ვ. _922484 |
||
| 245 |
_aგაგრა / _c ვ. გოკიელი; რედ. ს. საყვარელიძე. |
||
| 264 |
_aთბილისი : _bსაქმედგამი, _c1954. |
||
| 300 |
_a46 გვ. : _b12ფ. ილ. ; _c 21 სმ. |
||
| 504 | _a ბიბლიოგრ.: გვ. 44-45. | ||
| 653 | _aგაგრა | ||
| 653 | _aაფხაზეთის კურორტები | ||
| 700 |
_a საყვარელიძე, ს. _eრედაქტორი _922485 |
||
| 942 |
_2udc _cᲬᲘᲒᲜᲘ |
||